[Event "Southwest Class-ch 8th"]
[Site "Fort Worth"]
[Date "2017.02.19"]
[Round "6"]
[White "Greanias, Steve"]
[Black "Dejmek, Mark W"]
[Result "1/2-1/2"]
[WhiteElo "2077"]
[BlackElo "2021"]
[PlyCount "82"]
[EventDate "2017.02.16"]
[EventType "swiss"]
[EventRounds "9"]
[EventCountry "USA"]
[SourceTitle "EXT 2018"]
[Source "ChessBase"]
[SourceDate "2017.10.13"]
[SourceVersion "1"]
[SourceVersionDate "2017.10.13"]
[SourceQuality "1"]

1. c4 Nf6 2. Nf3 c5 3. d4 cxd4 4. Nxd4 e5 5. Nb5 d5 6. cxd5 Bc5 7. N5c3 0-0 8. h3 Bf5 9. e3 Re8 10. a3 Bg6 11. b4 Bf8 12. Bb2 Nbd7 13. Nd2 e4 14. Nc4 Nb6 15. Qb3 Nxc4 16. Bxc4 Nd7 17. Ne2 Bd6 18. Bb5 a6 19. Bxd7 Qxd7 20. Nd4 Rac8 21. Ke2 Bh5+ 22. g4 Bg6 23. Rac1 Be5 24. Rxc8 Rxc8 25. Rg1 f6 26. Rd1 h5 27. Ne6 Bxb2 28. Qxb2 hxg4 29. hxg4 Bf7 30. Qb3 Qb5+ 31. Ke1 a5 32. Nf4 Qd7 33. Ne6 axb4 34. axb4 Qb5 35. Rd4 Rc1+ 36. Rd1 Rxd1+ 37. Qxd1 Qxb4+ 38. Qd2 Qb1+ 39. Ke2 Qb5+ 40. Ke1 Qb1+ 41. Ke2 Qb5+ 1/2-1/2

[Event "Southwest Class-ch 8th"]
[Site "Fort Worth"]
[Date "2017.02.16"]
[Round "1"]
[White "Greanias, Steve"]
[Black "Kaliksteyn, Alexander"]
[Result "0-1"]
[WhiteElo "2077"]
[BlackElo "2448"]
[PlyCount "96"]
[EventDate "2017.02.16"]
[EventType "swiss"]
[EventRounds "9"]
[EventCountry "USA"]
[SourceTitle "EXT 2018"]
[Source "ChessBase"]
[SourceDate "2017.10.13"]
[SourceVersion "1"]
[SourceVersionDate "2017.10.13"]
[SourceQuality "1"]

1. c4 g6 2. Nf3 Bg7 3. d4 Nf6 4. g3 0-0 5. Bg2 d6 6. 0-0 Nc6 7. d5 Na5 8. Nfd2 c5 9. Nc3 a6 10. Qc2 b5 11. cxb5 axb5 12. Nxb5 Qb6 13. Na3 Ba6 14. Ndc4 Nxc4 15. Nxc4 Qb5 16. Na3 Qxe2 17. Qxe2 Bxe2 18. Re1 Bd3 19. Re3 c4 20. Nb5 Rfb8 21. Nc3 Kf8 22. h3 Nd7 23. Bf1 Nc5 24. Bxd3 Nxd3 25. Re4 Nxb2 26. Bxb2 Rxb2 27. Rc1 Bxc3 28. Rxc3 Raxa2 29. Rcxc4 Rxf2 30. Rc8+ Kg7 31. Rxe7 Rfd2 32. Rc1 Rg2+ 33. Kh1 Rh2+ 34. Kg1 Rag2+ 35. Kf1 Rxg3 36. Rc6 Rd3 37. Kg1 Ra2 38. Rc1 Rg3+ 39. Kh1 Rxh3+ 40. Kg1 Rg3+ 41. Kh1 Ra4 42. Kh2 Rg5 43. Kh3 Ra3+ 44. Kh2 Ra2+ 45. Kh1 Ra4 46. Rc2 Rh4+ 47. Rh2 Rxh2+ 48. Kxh2 Rxd5 0-1

[Event "Chicago op 25th"]
[Site "Chicago"]
[Date "2016.05.27"]
[Round "3"]
[White "Greanias, Steve"]
[Black "Ludwig, John Gabriel"]
[Result "1/2-1/2"]
[WhiteElo "2116"]
[BlackElo "2348"]
[PlyCount "91"]
[EventDate "2016.05.26"]
[EventType "swiss"]
[EventRounds "9"]
[EventCountry "USA"]
[SourceTitle "CBM 172 Extra"]
[Source "ChessBase"]
[SourceDate "2016.06.21"]
[SourceVersion "1"]
[SourceVersionDate "2016.06.21"]
[SourceQuality "1"]

1. c4 c5 2. Nf3 g6 3. d4 cxd4 4. Nxd4 Nc6 5. Nc3 Bg7 6. e3 Nf6 7. Be2 0-0 8. 0-0 Nxd4 9. exd4 d5 10. Bg5 dxc4 11. Bxc4 Qb6 12. Re1 Qxb2 13. Rc1 Qb4 14. Nb5 e6 15. Bf4 Bd7 16. Bd6 Qa5 17. Bxf8 Rxf8 18. Qb3 Qb6 19. Red1 Bc6 20. Nc3 Qxb3 21. Bxb3 Rd8 22. Ba4 Bxa4 23. Nxa4 Nd5 24. Nc5 b6 25. Nb3 Kf8 26. Kf1 Ke7 27. Rc2 Kd7 28. Rdc1 h5 29. a4 a5 30. Ke2 Rh8 31. h4 Bf6 32. g3 g5 33. hxg5 Bxg5 34. Nd2 h4 35. Rh1 Bf6 36. Nf3 hxg3 37. Rxh8 Bxh8 38. fxg3 f6 39. Rc1 Bg7 40. Rh1 Bf8 41. Kd3 Bb4 42. Nd2 Bxd2 43. Kxd2 f5 44. Rh6 Nc7 45. Kd3 b5 46. axb5 1/2-1/2

[Event "US Masters op"]
[Site "Greensboro"]
[Date "2014.09.01"]
[Round "8"]
[White "Gorti, Akshita"]
[Black "Greanias, Steve"]
[Result "0-1"]
[WhiteElo "1985"]
[BlackElo "2152"]
[PlyCount "98"]
[EventDate "2014.08.28"]
[EventType "swiss"]
[EventRounds "9"]
[EventCountry "USA"]
[SourceTitle "CBM 162 Extra"]
[Source "ChessBase"]
[SourceDate "2014.10.17"]
[SourceVersion "1"]
[SourceVersionDate "2014.10.17"]
[SourceQuality "1"]

1. d4 Nf6 2. c4 g6 3. Nc3 d5 4. cxd5 Nxd5 5. e4 Nxc3 6. bxc3 Bg7 7. Bc4 c5 8. Ne2 0-0 9. 0-0 Nc6 10. Be3 Bd7 11. Qd2 Qa5 12. d5 Ne5 13. Bb3 Bb5 14. Rfc1 Nc4 15. Bxc4 Bxc4 16. Ng3 Rad8 17. Bh6 f6 18. Bxg7 Kxg7 19. Qe3 Qc7 20. h4 Rfe8 21. f4 e6 22. dxe6 Rd3 23. Qf2 Bxe6 24. h5 Bf7 25. hxg6 hxg6 26. Rd1 Red8 27. Rxd3 Rxd3 28. Re1 Qd7 29. e5 f5 30. Ne2 b6 31. Qh4 Qd8 32. Qxd8 Rxd8 33. a3 Rd2 34. Kf2 Ra2 35. Ke3 Bc4 36. g3 a5 37. Nc1 Rxa3 38. Kd2 Be6 39. Rd1 b5 40. Kc2 b4 41. cxb4 axb4 42. Rd6 Kf7 43. Rc6 Rc3+ 44. Kb2 Bd5 45. Rf6+ Kg7 46. Rd6 Be4 47. Rd7+ Kf8 48. Rc7 Rc2+ 49. Kb1 c4 0-1

[Event "US Masters op"]
[Site "Greensboro"]
[Date "2013.08.29"]
[Round "1"]
[White "Shmeliov, Denis"]
[Black "Greanias, Steve"]
[Result "1-0"]
[WhiteElo "2417"]
[BlackElo "2137"]
[PlyCount "55"]
[EventDate "2013.08.29"]
[EventType "swiss"]
[EventRounds "9"]
[EventCountry "USA"]
[SourceTitle "CBM 156 Extra"]
[Source "ChessBase"]
[SourceDate "2013.10.22"]
[SourceVersion "1"]
[SourceVersionDate "2013.10.22"]
[SourceQuality "1"]

1. d4 Nf6 2. c4 g6 3. Nc3 d5 4. cxd5 Nxd5 5. e4 Nxc3 6. bxc3 Bg7 7. Be3 0-0 8. Qd2 c5 9. d5 Qa5 10. Rc1 e6 11. c4 Qa3 12. f4 exd5 13. cxd5 b6 14. Nf3 Ba6 15. e5 Bxf1 16. Rxf1 Na6 17. Rc3 Qa4 18. f5 gxf5 19. Bh6 Qg4 20. Bxg7 Qxg7 21. Qe2 Nb4 22. Nh4 Rae8 23. Rxf5 Kh8 24. Rg3 Qh6 25. Rh5 Qc1+ 26. Kf2 Nxd5 27. Rxh7+ Kxh7 28. Qh5+ 1-0

[Event "Chicago op 22nd"]
[Site "Wheeling"]
[Date "2013.05.24"]
[Round "3"]
[White "Izoria, Zviad"]
[Black "Greanias, Steve"]
[Result "1-0"]
[WhiteElo "2585"]
[BlackElo "2132"]
[PlyCount "63"]
[EventDate "2013.05.23"]
[EventType "swiss"]
[EventRounds "9"]
[EventCountry "USA"]
[SourceTitle "CBM 154 Extra"]
[Source "ChessBase"]
[SourceDate "2013.06.25"]
[SourceVersion "2"]
[SourceVersionDate "2013.06.25"]
[SourceQuality "1"]

1. e4 c5 2. Nf3 e6 3. d4 cxd4 4. Nxd4 a6 5. Bd3 Qb6 6. c3 Nc6 7. 0-0 Nf6 8. Nxc6 bxc6 9. e5 Nd5 10. Nd2 Qc7 11. Nc4 Bb7 12. Bg5 h6 13. Bh4 Nb6 14. Nxb6 Qxb6 15. Qh5 Be7 16. Bxe7 Kxe7 17. Qg4 Rag8 18. Rad1 c5 19. Bc4 g5 20. Rd6 Qxb2 21. Qd1 Rd8 22. Qd3 Bc6 23. Rb1 Qa3 24. Rd1 Qa5 25. h3 h5 26. Qe3 Rhg8 27. g3 Rb8 28. Be2 Rb2 29. Bxh5 Rxa2 30. Rxc6 dxc6 31. Qf3 Rg6 32. Bxg6 1-0

[Event "Chicago op 21st"]
[Site "Wheeling"]
[Date "2012.05.24"]
[Round "1"]
[White "Ludwig, Daniel"]
[Black "Greanias, Steve"]
[Result "1-0"]
[WhiteElo "2456"]
[BlackElo "2155"]
[PlyCount "117"]
[EventDate "2012.05.24"]
[EventType "swiss"]
[EventRounds "9"]
[EventCountry "USA"]
[SourceTitle "CBM 148 Extra"]
[Source "ChessBase"]
[SourceDate "2012.06.22"]
[SourceVersion "1"]
[SourceVersionDate "2012.06.22"]
[SourceQuality "1"]

1. d4 Nf6 2. c4 g6 3. Nc3 d5 4. Bf4 Bg7 5. e3 0-0 6. Rc1 Be6 7. Qb3 c5 8. Nf3 Nc6 9. dxc5 dxc4 10. Qxb7 Rc8 11. Ng5 Bd5 12. e4 h6 13. exd5 hxg5 14. Bxg5 Nxd5 15. Bxc4 Nxc3 16. bxc3 Qa5 17. Qb5 Bxc3+ 18. Kf1 Qa3 19. Qb3 Bb4 20. Be3 Nd4 21. Qxa3 Bxa3 22. Rc3 Bb2 23. Rd3 Nf5 24. Bd2 Rxc5 25. Bb3 Rfc8 26. g3 Nd4 27. Bd1 e5 28. f3 Bc3 29. Kf2 Bxd2 30. Rxd2 Rc1 31. Re1 f6 32. f4 R8c5 33. fxe5 fxe5 34. h4 Kg7 35. g4 Ra1 36. Re3 Rcc1 37. Red3 Rc5 38. Ke3 Kf6 39. Ra3 a5 40. Rad3 Rc4 41. Rb2 Rb4 42. Rxb4 axb4 43. Rd2 Rc1 44. Ke4 Nb5 45. g5+ Ke7 46. Kxe5 Nc3 47. Bb3 Re1+ 48. Kf4 Re4+ 49. Kg3 Re3+ 50. Kg2 Re4 51. Rf2 Rxh4 52. Rf7+ Kd6 53. Rf6+ Ke5 54. Rxg6 Rd4 55. Kf3 Rd2 56. Ra6 Kf5 57. g6 Rd3+ 58. Kg2 Kf4 59. Rf6+ 1-0

[Event "US Open-112"]
[Site "Orlando"]
[Date "2011.08.03"]
[Round "3"]
[White "Lenderman, Aleksandr"]
[Black "Greanias, Steve"]
[Result "1-0"]
[WhiteElo "2525"]
[BlackElo "2146"]
[PlyCount "105"]
[EventDate "2011.07.30"]
[EventType "swiss"]
[EventRounds "9"]
[EventCountry "USA"]
[SourceTitle "CBM 143 Extra"]
[Source "ChessBase"]
[SourceDate "2011.08.29"]
[SourceVersion "1"]
[SourceVersionDate "2011.08.29"]
[SourceQuality "1"]

1. d4 Nf6 2. c4 g6 3. Nc3 d5 4. e3 Bg7 5. Qb3 dxc4 6. Bxc4 0-0 7. Nf3 Nc6 8. Be2 Nd7 9. d5 Nce5 10. Nd4 c5 11. dxc6 Nxc6 12. Nxc6 bxc6 13. 0-0 Nb6 14. Rd1 Qc7 15. Qc2 Bb7 16. Ne4 Rad8 17. Bd2 Nd5 18. Nc5 Bc8 19. Rab1 Rd6 20. Bf1 Rfd8 21. e4 Nb6 22. Bf4 e5 23. Be3 Rxd1 24. Rxd1 Rxd1 25. Qxd1 Bf8 26. Qd2 Nd7 27. Qc3 Nxc5 28. Bxc5 Bxc5 29. Qxc5 Be6 30. a3 Kg7 31. b4 Kf6 32. Bb5 Bd7 33. Ba4 Ke6 34. Bb3+ Kf6 35. h4 h5 36. Bd5 Be8 37. b5 Qe7 38. Qxe7+ Kxe7 39. bxc6 Kd6 40. f3 f6 41. Kf2 g5 42. g3 gxh4 43. gxh4 f5 44. Ke3 fxe4 45. Bxe4 a5 46. f4 exf4+ 47. Kxf4 Bxc6 48. Bxc6 Kxc6 49. Kg5 Kb5 50. Kxh5 Ka4 51. Kg6 Kxa3 52. h5 Kb2 53. h6 1-0

[Event "Philadelphia National op 39th"]
[Site "Philadelphia"]
[Date "2008.11.28"]
[Round "1"]
[White "Greanias, Steve"]
[Black "Lenderman, Aleksandr"]
[Result "1-0"]
[WhiteElo "2126"]
[BlackElo "2443"]
[PlyCount "87"]
[EventDate "2008.11.28"]
[EventType "swiss"]
[EventRounds "6"]
[EventCountry "USA"]
[SourceTitle "CBM 127 Extra"]
[Source "ChessBase"]
[SourceDate "2009.01.08"]
[SourceVersion "2"]
[SourceVersionDate "2009.01.28"]
[SourceQuality "1"]

1. c4 c5 2. Nf3 g6 3. d4 Bg7 4. Nc3 cxd4 5. Nxd4 Nc6 6. Nxc6 bxc6 7. e4 d6 8. Be2 Nf6 9. 0-0 Qb6 10. Qc2 Rb8 11. Rb1 Be6 12. b4 Nd7 13. Be3 Qa6 14. c5 Qa3 15. b5 Bxc3 16. bxc6 Bxa2 17. cxd7+ Kxd7 18. Rbc1 Be5 19. cxd6 Rhc8 20. Bb5+ Ke6 21. Qe2 Rxc1 22. Rxc1 exd6 23. f4 Rxb5 24. fxe5 Rxe5 25. Qg4+ f5 26. exf5+ Rxf5 27. Qe4+ Re5 28. Qg4+ Kf6 29. Qh4+ g5 30. Qh6+ Ke7 31. Bxg5+ Ke8 32. Qxh7 Bc4 33. Rxc4 Qa1+ 34. Rc1 Re1+ 35. Kf2 Qd4+ 36. Kxe1 Qg1+ 37. Kd2 Qxg2+ 38. Kc3 Qc6+ 39. Kd4 Qa4+ 40. Ke3 Qa3+ 41. Kf2 Qb2+ 42. Rc2 Qd4+ 43. Be3 Qf6+ 44. Ke2 1-0

[Event "World op 36th"]
[Site "Philadelphia"]
[Date "2008.07.02"]
[Round "1"]
[White "Bartholomew, John"]
[Black "Greanias, Steve"]
[Result "1-0"]
[WhiteElo "2440"]
[BlackElo "2109"]
[PlyCount "51"]
[EventDate "2008.07.02"]
[EventType "swiss"]
[EventRounds "9"]
[EventCountry "USA"]
[SourceTitle "CBM 125 Extra"]
[Source "ChessBase"]
[SourceDate "2008.09.01"]
[SourceVersion "1"]
[SourceVersionDate "2008.09.01"]
[SourceQuality "1"]

1. Nf3 Nf6 2. c4 c5 3. Nc3 Nc6 4. g3 d5 5. d4 cxd4 6. Nxd4 e5 7. Nxc6 bxc6 8. cxd5 cxd5 9. Bg2 Be6 10. 0-0 Be7 11. Bg5 d4 12. Bxf6 gxf6 13. Nb5 Rb8 14. Nxa7 Rxb2 15. Nc6 Qd6 16. Rb1 Rxb1 17. Qxb1 0-0 18. Qb7 Re8 19. a4 Qa3 20. a5 Bc5 21. Qb1 Rc8 22. Qb5 Bd6 23. a6 Bd7 24. Ne7+ Bxe7 25. Qxd7 Qxa6 26. Bb7 1-0

[Event "USA-ch Qualifier"]
[Site "Tulsa"]
[Date "2008.03.29"]
[Round "5"]
[White "Greanias, Steve"]
[Black "Smith, Garrett L"]
[Result "1/2-1/2"]
[WhiteElo "2122"]
[BlackElo "2158"]
[PlyCount "48"]
[EventDate "2008.03.28"]
[EventType "swiss"]
[EventRounds "7"]
[EventCountry "USA"]
[SourceTitle "CBM 123 Extra"]
[Source "ChessBase"]
[SourceDate "2008.05.06"]
[SourceVersion "1"]
[SourceVersionDate "2008.05.06"]
[SourceQuality "1"]

1. c4 Nc6 2. Nf3 e5 3. Nc3 d6 4. d4 exd4 5. Nxd4 Nf6 6. g3 Nxd4 7. Qxd4 Be7 8. Bg2 0-0 9. 0-0 c6 10. Rd1 Be6 11. Bf4 Qb6 12. Qxb6 axb6 13. Bxd6 Bxd6 14. Rxd6 Bxc4 15. b3 Be6 16. Na4 Ra6 17. Rad1 b5 18. Nc5 Rxa2 19. Nxe6 fxe6 20. Rxe6 Kf7 21. Re3 Re8 22. Rxe8 Kxe8 23. Bf3 Rb2 24. Rd3 Nd7 1/2-1/2

[Event "North American op 16th"]
[Site "Las Vegas"]
[Date "2006.12.27"]
[Round "2"]
[White "Liu, Elliott"]
[Black "Greanias, Steve"]
[Result "1-0"]
[WhiteElo "2301"]
[BlackElo "2200"]
[PlyCount "73"]
[EventDate "2006.12.26"]
[EventType "swiss"]
[EventRounds "9"]
[EventCountry "USA"]
[SourceTitle "CBM 116 Extra"]
[Source "ChessBase"]
[SourceDate "2007.03.07"]
[SourceVersion "1"]
[SourceVersionDate "2007.03.07"]
[SourceQuality "1"]

1. e4 c5 2. Nf3 e6 3. d3 Nc6 4. g3 g6 5. Bg2 Bg7 6. 0-0 Nge7 7. Nbd2 0-0 8. Re1 d6 9. a4 e5 10. Nc4 f5 11. c3 h6 12. b4 cxb4 13. cxb4 Be6 14. b5 fxe4 15. Nfd2 Nd4 16. dxe4 d5 17. Ne3 Rc8 18. Ba3 dxe4 19. Bxe4 Qd7 20. Qb1 g5 21. Qb4 Rf7 22. Qd6 Qxd6 23. Bxd6 Rd8 24. Ndc4 Nef5 25. Ba3 Nxe3 26. Nxe3 Rfd7 27. Kg2 Bf8 28. Bxf8 Kxf8 29. Rac1 Nb3 30. Rc3 b6 31. Bf5 Nc5 32. Bxe6 Nxe6 33. Nf5 Nc5 34. Rxe5 Nxa4 35. Rc6 Rd5 36. Rf6+ Kg8 37. Rxd5 1-0

[Event "Virginia Beach Millennium op 6th"]
[Site "Virginia Beach"]
[Date "2005.02.27"]
[Round "5"]
[White "Kaufman, Raymond"]
[Black "Greanias, Steve"]
[Result "1-0"]
[WhiteElo "2255"]
[BlackElo "2164"]
[PlyCount "25"]
[EventDate "2005.02.25"]
[EventType "swiss"]
[EventRounds "5"]
[EventCountry "USA"]
[SourceTitle "CBM 105 Extra"]
[Source "ChessBase"]
[SourceDate "2005.05.01"]
[SourceVersion "1"]
[SourceVersionDate "2005.05.01"]
[SourceQuality "1"]

1. d4 Nf6 2. Bg5 g6 3. Bxf6 exf6 4. e3 d5 5. c4 dxc4 6. Bxc4 Bd6 7. Nc3 a6 8. Qc2 0-0 9. h4 b5 10. Bd5 Ra7 11. h5 c6 12. hxg6 cxd5 13. g7 1-0

[Event "Las Vegas National op"]
[Site "Las Vegas"]
[Date "2004.06.18"]
[Round "1"]
[White "Greanias, Steve"]
[Black "Silveira, Eduardo Munoa"]
[Result "1-0"]
[WhiteElo "2237"]
[BlackElo "2050"]
[PlyCount "27"]
[EventDate "2004.06.18"]
[EventType "swiss"]
[EventRounds "6"]
[EventCountry "USA"]
[SourceTitle "CBM 100 Extra"]
[Source "ChessBase"]
[SourceDate "2004.07.06"]
[SourceVersion "2"]
[SourceVersionDate "2004.07.06"]
[SourceQuality "1"]

1. c4 Nf6 2. Nf3 c5 3. d4 cxd4 4. Nxd4 Nc6 5. g3 e6 6. Bg2 a6 7. 0-0 Qc7 8. Nc3 d6 9. Bg5 Be7 10. Rc1 Qb6 11. c5 Qc7 12. cxd6 Bxd6 13. Nxc6 bxc6 14. Nb5 1-0

[Event "Western States op"]
[Site "Reno"]
[Date "2002.10.20"]
[Round "6"]
[White "Zilberstein, Dmitry"]
[Black "Greanias, Steve"]
[Result "1-0"]
[WhiteElo "2419"]
[BlackElo "2250"]
[PlyCount "53"]
[EventDate "2002.10.18"]
[EventType "swiss"]
[EventRounds "6"]
[EventCountry "USA"]
[SourceTitle "EXT 2009"]
[Source "ChessBase"]
[SourceDate "2008.11.26"]
[SourceVersion "1"]
[SourceVersionDate "2008.11.26"]
[SourceQuality "1"]

1. d4 Nf6 2. c4 g6 3. Nc3 d5 4. Nf3 Bg7 5. Qb3 dxc4 6. Qxc4 0-0 7. e4 Nc6 8. Be2 Bg4 9. d5 Na5 10. Qa4 Bxf3 11. Bxf3 c6 12. 0-0 cxd5 13. Rd1 Nc6 14. exd5 Ne5 15. Be2 Ned7 16. Be3 Nb6 17. Qb3 Qd6 18. a4 Rfd8 19. Bf3 Rd7 20. Rac1 Rad8 21. g3 Qc7 22. Bf4 Qc4 23. Qa3 a5 24. Be3 Nc8 25. Nb5 Qb4 26. Qa2 Nh5 27. b3 1-0

[Event "Western States op"]
[Site "Reno"]
[Date "2002.10.18"]
[Round "1"]
[White "Greanias, Steve"]
[Black "Sevillano, Enrico"]
[Result "0-1"]
[WhiteElo "2250"]
[BlackElo "2568"]
[PlyCount "88"]
[EventDate "2002.10.18"]
[EventType "swiss"]
[EventRounds "6"]
[EventCountry "USA"]
[SourceTitle "EXT 2009"]
[Source "ChessBase"]
[SourceDate "2008.11.26"]
[SourceVersion "1"]
[SourceVersionDate "2008.11.26"]
[SourceQuality "1"]

1. c4 e5 2. Nc3 Nc6 3. Nf3 g6 4. e3 Bg7 5. Be2 d6 6. 0-0 Nge7 7. d4 0-0 8. d5 Nb8 9. b4 a5 10. bxa5 Rxa5 11. Nd2 Nd7 12. Nb3 Ra8 13. a4 Nf5 14. Bb2 Re8 15. e4 Nd4 16. Bg4 Nb6 17. Bxc8 Rxc8 18. Nxd4 exd4 19. Nb5 c6 20. dxc6 bxc6 21. Na3 Rxe4 22. f3 Re6 23. a5 Nd7 24. Nc2 c5 25. Ne1 Ne5 26. Ra4 d5 27. cxd5 Qxd5 28. a6 Ra8 29. Qa1 Ra7 30. f4 Ng4 31. Nf3 Qa8 32. Qc1 Bf8 33. f5 Rexa6 34. Rxa6 Rxa6 35. Qf4 Ne3 36. fxg6 hxg6 37. Re1 Ra2 38. Rxe3 dxe3 39. Qe5 Rxb2 40. Qxb2 Bg7 41. Qc1 Bd4 42. h4 Qe4 43. Qe1 e2+ 44. Kh2 Qe3 0-1

[Event "US Open-100"]
[Site "Reno"]
[Date "1999.??.??"]
[Round "?"]
[White "Adianto, Utut"]
[Black "Greanias, Steve"]
[Result "1-0"]
[WhiteElo "2607"]
[BlackElo "2216"]
[PlyCount "79"]
[EventDate "1999.08.10"]
[EventType "swiss"]
[EventRounds "9"]
[EventCountry "USA"]
[SourceTitle "EXT 2003"]
[Source "ChessBase"]
[SourceDate "2002.11.25"]
[SourceVersion "1"]
[SourceVersionDate "2002.11.25"]
[SourceQuality "1"]

1. d4 Nf6 2. c4 g6 3. Nc3 d5 4. Nf3 Bg7 5. Bf4 0-0 6. e3 c5 7. dxc5 Qa5 8. Rc1 Na6 9. cxd5 Nxc5 10. Be2 Nce4 11. 0-0 Nxc3 12. bxc3 Ne4 13. c4 Nc3 14. Qd2 Qxa2 15. Rc2 Nxe2+ 16. Qxe2 Qa5 17. Be5 Bg4 18. Bxg7 Kxg7 19. Rb1 b6 20. Qd3 Bxf3 21. gxf3 Rfc8 22. Rb5 Qa1+ 23. Kg2 Rc7 24. c5 bxc5 25. Rbxc5 Rxc5 26. Rxc5 a5 27. Rc3 Qa4 28. e4 Qb4 29. Rc4 Qb5 30. Qc3+ f6 31. Rc7 Kf8 32. d6 Qg5+ 33. Kh1 exd6 34. Qc4 d5 35. Qc5+ Kg8 36. Qe7 Qh6 37. Qf7+ Kh8 38. Qxf6+ Kg8 39. Qe6+ Kh8 40. Qe5+ 1-0